| 000 | 00858nam a2200277 a 4500 | ||
|---|---|---|---|
| 001 | 61833 | ||
| 003 | BD-RjUL | ||
| 005 | 20211209081015.0 | ||
| 008 | 170121s1986 ilua b 001 0 eng d | ||
| 020 | _a0673182134 | ||
| 035 | _a(BD-RjUL)61957 | ||
| 040 |
_aDLC _cDLC _dDLC _beng |
||
| 041 | _aeng | ||
| 082 | 0 | 0 |
_a658.8 _223 _bKIP 1986 |
| 100 | 1 |
_aKinnear, Thomas C., _d1943- _9182714 |
|
| 245 | 1 | 0 |
_aPrinciples of marketing / _cThomas C. Kinnear, Kenneth L. Bernhardt. |
| 250 | _a2nd ed. | ||
| 260 |
_aGlenview, Ill. : _bScott, Foresman, _cc1986. |
||
| 300 |
_axx, 759, 75 p. : _bcol. ill. ; _c24 cm. |
||
| 504 | _aIncludes bibliographies and indexes. | ||
| 650 | 0 |
_aMarketing. _9182579 |
|
| 700 | 1 |
_aBernhardt, Kenneth L., _d1944- _9182712 |
|
| 942 |
_2ddc _cBK |
||
| 999 |
_c61833 _d61833 |
||